000 00541nam a22001217a 4500
040 _cHS
082 _a333
100 _aត្រាន​​ ថាន់កាញ់ TRAN THANH CHANH
245 _aដី និង ព្រៃកម្ពុជា sols et vegetation forestiere du cambodge octobre 1994
260 _aសមាគមមិត្តភាពអ្នកបច្ចេកទេសកសិកម្មខ្មែរ
_bនាយកដ្នាន រុក្ខាប្រមាញ់
_c1994
300 _a152p;
942 _cKB
999 _c9027
_d9027